Television Studies: The Basics (Record no. 7337)

MARC details
000 -LEADER
fixed length control field 00502nam a22001937a 4500
003 - CONTROL NUMBER IDENTIFIER
control field OSt
005 - DATE AND TIME OF LATEST TRANSACTION
control field 20211006121244.0
008 - FIXED-LENGTH DATA ELEMENTS--GENERAL INFORMATION
fixed length control field 211006b ||||| |||| 00| 0 eng d
020 ## - INTERNATIONAL STANDARD BOOK NUMBER
International Standard Book Number 9780415774246
040 ## - CATALOGING SOURCE
Transcribing agency DDC.
082 ## - DEWEY DECIMAL CLASSIFICATION NUMBER
Classification number 384.55 MIL 2010.
100 ## - MAIN ENTRY--PERSONAL NAME
Personal name Miller, Toby
9 (RLIN) 15034
245 ## - TITLE STATEMENT
Title Television Studies: The Basics
260 ## - PUBLICATION, DISTRIBUTION, ETC. (IMPRINT)
Place of publication, distribution, etc. New York :
Name of publisher, distributor, etc. Routledge;
Date of publication, distribution, etc. 2012,
300 ## - PHYSICAL DESCRIPTION
Extent 254p.;
Other physical details ill,
Dimensions 23cm.
504 ## - BIBLIOGRAPHY, ETC. NOTE
Bibliography, etc Includes index.
650 ## - SUBJECT ADDED ENTRY--TOPICAL TERM
Topical term or geographic name as entry element Television Studies.
9 (RLIN) 15035
942 ## - ADDED ENTRY ELEMENTS (KOHA)
Source of classification or shelving scheme Dewey Decimal Classification
Koha item type Book
Holdings
Withdrawn status Lost status Source of classification or shelving scheme Damaged status Not for loan Home library Current library Date acquired Source of acquisition Inventory number Total Checkouts Full call number Barcode Date last seen Price effective from Koha item type
    Dewey Decimal Classification     MUST Main Library MUST Main Library 06/10/2021 Purchase 21/41562   384.55 MIL 2010. 2021-1422 06/10/2021 06/10/2021 Book
    Dewey Decimal Classification     MUST Main Library MUST Main Library 06/10/2021 Purchase 21/41561   384.55 MIL 2010. 2021-1423 06/10/2021 06/10/2021 Book